000 00788nam a2200265 i 4500
001 bg
245 0 0 _aModel i interpretacja /
_cpod red. nauk. Teresy Grabińskiej i Mirosława Zabierowskiego.
260 _aWrocław :
_bOficyna Wydawnicza Politechniki Wrocławskiej,
_c1994.
300 _a129, [2] s. :
_brys., 1 wykr. ;
_c24 cm.
490 1 _aCosmos-Logos
500 _aTekst częśc. fr.
504 _aBibliogr. przy pracach.
650 9 _aMetodologia
650 9 _aModele
_xteoria
700 1 _aGRABIŃSKA, Teresa.
_eRed.
700 1 _aZABIEROWSKI, Mirosław.
_eRed.
830 _aCosmos-Logos
020 _a8370851142
040 _cBPK
041 0 _apolfre
080 _a167/168
920 _a83-7085-114-2
942 _cKS
008 s pl f |000 0 pol
999 _c30769
_d30769
856 _uhttp://koha.tu.koszalin.pl/cgi-bin/koha/opac-detail.pl?biblionumber=30769
_yKatalog online BPK